Literature Quiz

Random Literature or War Quiz

Trojan War Characters Quiz Stats

 Plays Quiz not verified by Sporcle

Support Sporcle.
Go Orange.
Score 0/10 Timer 04:00
0 Plays Today
Hint Name % Correct
wandered the oceans for ten yearsOdysseus
90.6%
killed by Hector while wearing Achilles armorPatroclus
73.1%
fled with his father and son from Troy, later founded RomeAeneas
69.2%
murdered by his wife and her loverAgamemnon
68.1%
shot by Philoctetes with a poisonous arrowParis
40.3%
slaughtered by Neoptolemus at an altar of ZeusKing Priamus
33.9%
enslaved and made Neoptelemus' concubineAndromache
33.6%
committed suicide after attempting to steal Achilles' armorAjax the Great
29.2%
devoured by a giant sea serpentLaocoon
23.6%
died in a shipwreck after offending AthenaAjax the Lesser
19.7%

You're not logged in!

Compare scores with friends on all Sporcle quizzes.
OR
Log In

From the Vault

TV Shows Go Shopping

by Noldeh

They might be fictional characters, but they still have to eat.
Remove Ads.
Support Sporcle.
Get the best of Sporcle when you Go Orange. This ad-free experience offers more features, more stats, and more fun while also helping to support Sporcle. Thank you for becoming a member.

Show Comments

Extras

Created Oct 1, 2009ReportNominate
Tags:War Quiz, Character, trojan

Top Quizzes Today


Score Distribution

Your Account Isn't Verified!

In order to create a playlist on Sporcle, you need to verify the email address you used during registration. Go to your Sporcle Settings to finish the process.

Report this User

Report this user for behavior that violates our Community Guidelines.

Details: